| 000 | 01454nam0a22003011 4500 | ||
|---|---|---|---|
| 001 | rc\3499369 | ||
| 005 | 20260407092010.0 | ||
| 021 |
_aRU _b[74-37515] |
||
| 035 | _a(NLR Aleph) 007652339 | ||
| 090 |
_a6242409 _c6242409 |
||
| 100 | _a20130115d1974 |||y0rusy50 ca | ||
| 101 | 0 | _arus | |
| 102 | _aRU | ||
| 105 | _ay a ||||| | ||
| 200 | 1 |
_aБиблиография трудов В.М. Левченко, профессора, доктора технических наук. [1931-1973] _fНовочеркас. политехн. ин-т им. Серго Орджоникидзе |
|
| 210 |
_aНовочеркасск _cБ. и. _d1974 |
||
| 215 |
_a12 с. _d20 |
||
| 300 | _aСост. указан на обороте тит. л.: библиограф К.Ф. Бекетова | ||
| 532 | 1 | 0 | _aБиблиография трудов Василия Максимовича Левченко, профессора, доктора технических наук. [1931-1973] |
| 606 |
_aГидрохимия _jУказатели литературы _2psbo |
||
| 700 | 1 |
_aБекетова _bК.Ф. _4220 |
|
| 702 | 1 |
_aЛевченко _bВ.М. _gВасилий Максимович _4570 |
|
| 712 | 0 | 2 |
_aНовочеркасский политехнический институт им. С. Орджоникидзе _3RU\NLR\AUTH\8818046 _9309295 |
| 801 | 0 |
_aRU _bNLR _gpsbo |
|
| 801 | 1 |
_aRU _bELAR _2rusmarc |
|
| 852 |
_aNLR _j641/Л-38 |
||
| 942 | _cBOOK | ||
| 980 | _aNB | ||